Zdeněk Mácal, Doctor Honoris Causa : Janáčkova akademie múzických umění v Brně : Brno, 6. února 2007 : [slavnostní zasedání Umělecké rady JAMU]

Other Authors: Mácal, Zdeněk, 1936-2023, Medek, Ivo, 1956-
Language: Czech
Published: Brno : JAMU, 2007
Subjects:
Physical Description: 31 s. : il., portréty, noty ; 21 cm
Book
Saved in:
LEADER 02299nam a2200553 a 4500
001 nkc20071722558
003 CZ PrNK
005 20070914141301.0
007 ta
008 070604s2007 xr acg e 000 sdcze
015 |a cnb001722558 
020 |a 978-80-86928-18-0  |q (brož.)  |z 80-86928-18-7 
035 |a (OCoLC)189425904 
040 |a BOA001  |b cze  |d ABA001 
043 |a e-xr---  |b e-xr-jm  |2 czenas 
045 |a x3y0 
072 7 |a 378  |x Vysoké školy  |2 Konspekt  |9 22 
080 |a 378.6:7  |2 MRF 
080 |a 378.25  |2 MRF 
080 |a 78.071.2  |2 MRF 
080 |a (437.322)  |2 MRF 
080 |a (042.5)  |2 MRF 
245 0 0 |a Zdeněk Mácal, Doctor Honoris Causa :  |b Janáčkova akademie múzických umění v Brně : Brno, 6. února 2007 : [slavnostní zasedání Umělecké rady JAMU] 
246 3 |a Doctor Honoris Causa Zdeněk Mácal 
260 |a Brno :  |b JAMU,  |c 2007 
300 |a 31 s. :  |b il., portréty, noty ;  |c 21 cm 
505 0 0 |t Problémy interpretace Janáčkova Tarase Bulby /  |r Zdeněk Mácal --  |t Zdeněk Mácal se vrací na půdu své alma mater /  |r Ivo Medek 
600 1 7 |a Mácal, Zdeněk,  |d 1936-2023  |7 jo20000069735  |2 czenas 
610 2 7 |a Janáčkova akademie múzických umění  |7 kn20010711193  |2 czenas 
648 7 |a 20.-21. století  |7 ch462155  |2 czenas 
650 0 7 |a vysoké umělecké školy  |7 ph127287  |z Česko  |2 czenas 
650 0 7 |a čestné doktoráty  |7 ph128163  |z Česko  |2 czenas 
650 0 7 |a dirigenti  |7 ph119473  |z Česko  |y 20.-21. století  |2 czenas 
650 0 9 |a art academies  |z Czechia  |2 eczenas 
650 0 9 |a academic degrees  |z Czechia  |2 eczenas 
650 0 9 |a conductors (music)  |z Czechia  |y 20th-21st centuries  |2 eczenas 
651 7 |a Brno (Česko)  |7 ge134084  |2 czenas 
651 9 |a Brno (Czechia)  |2 eczenas 
655 7 |a projevy  |7 fd133137  |2 czenas 
655 9 |a speeches  |2 eczenas 
700 1 |a Mácal, Zdeněk,  |d 1936-2023  |7 jo20000069735  |4 hnr  |4 aut 
700 1 |a Medek, Ivo,  |d 1956-  |7 jn19990009928  |4 aut 
910 2 |a BOA001  |b 2-1187.476 
928 9 |a Janáčkova akademie múzických umění 
990 |a BK 
995 |a 01 
991 |b 200706  |c NOV 
996 6 |b 2610312697  |c 2-1187.476  |l MZK  |r Sklad / do 1 hodiny  |n 1  |p p.v.  |w 000852984  |u 000010  |a 1  |e BOA001  |j MZK50  |s P 
996 7 |b 2610312698  |c 2-1187.476  |l MZK  |r Sklad / do 1 hodiny  |n 0  |p p.v.  |w 000852984  |u 000020  |a 1  |e BOA001  |j MZK50  |s A